Market analysis (Record no. 76925)

MARC details
000 -LEADER
fixed length control field 00872cab a2200181 4500
001 - CONTROL NUMBER
control field ##L133312
008 - FIXED-LENGTH DATA ELEMENTS--GENERAL INFORMATION
fixed length control field 060502n2006 000 0 eng u
035 ## - SYSTEM CONTROL NUMBER
System control number (Sirsi) u133312
041 0# - LANGUAGE CODE
Language code of text/sound track or separate title eng
110 2# - MAIN ENTRY--CORPORATE NAME
Corporate name or jurisdiction name as entry element Estates Gazette Interactive
9 (RLIN) 4921
245 00 - TITLE STATEMENT
Title Market analysis
Remainder of title London office database: issue 1 Jan-March 2006
260 ## - PUBLICATION, DISTRIBUTION, ETC.
Date of publication, distribution, etc. 2006
490 #0 - SERIES STATEMENT
Series statement Estates Gazette
Volume/sequential designation (0616) 22 April 2006, (17)
520 ## - SUMMARY, ETC.
Summary, etc. First free report derived from EGI's "London office database" (LOD), the online independent research service for those active in the Central London office market. Provides a wide range of statistics, league tables and commentary on agents' market share, market parameters and area activity. Explains what LOD monitors and lists definitions of terms used.
590 ## - LOCAL NOTE (RLIN)
Condition of individual reels (VM) [OBSOLETE] 2006
690 ## - LOCAL SUBJECT ADDED ENTRY--TOPICAL TERM (OCLC, RLIN)
Topical term or geographic name as entry element PROPERTY-COMMERCIAL PROPERTY-OFFICE PROPERTY-OFFICES
942 ## - ADDED ENTRY ELEMENTS (KOHA)
Suppress in OPAC 0
Holdings
Withdrawn status Lost status Source of classification or shelving scheme Damaged status Not for loan Home library Current library Shelving location Date acquired Total Checkouts Full call number Barcode Date last seen Copy number Price effective from Koha item type
    Dewey Decimal Classification     London London Journal article 02/05/2006   L133312 133312-1001 06/08/2019 1 06/08/2019 Journal article